000 00765nam a2200301Ia 4500
001 Z_4325
003 CHAP
008 220113s1985 xx 000 0 und d
010 _a167395
040 _cCHAP
090 _aFolleto 243
100 _aCentro de Investigaciones Pecuarias del Estado de Sonora
_9141025
245 _aCómo ataca la mosca pinta al buffel? /
_cpor CIPES
260 _aCarbo, Sonora :
_bEl centro,
_c1985
300 _a12 p. ; ilus.
440 _aRancho; 2 (22)
_9141578
500 _a
503 _a
650 _aMosca pinta
_978992
650 _aPastos
_xPlagas
_986069
650 _aZacate buffel I. t.
_9141579
901 _aFolleto 243
902 _aA
910 _a1985
942 _cc14
942 _cc14
999 _c167395
_d167395